|
|
|
|
| LEADER |
00000cam a2200000 7i4500 |
| 001 |
0000001845 |
| 005 |
20151222.0 |
| 008 |
070709 |
| 020 |
|
|
|a 9832807255(set)
|
| 020 |
|
|
|a 9832807301
|
| 090 |
0 |
0 |
|a JF
|b ENG (1989)
|
| 100 |
0 |
|
|a Kay G
|
| 245 |
1 |
0 |
|a Vanisha's well kept secret
|c Kay G
|
| 260 |
|
|
|a Selangor :
|b Penerbitan PCT ,
|c 2004
|
| 440 |
|
|
|a PCT yellow readers
|
| 500 |
|
|
|a Children ages 7-9 years old (orange)
|
| 650 |
|
0 |
|a Junior fiction
|x English
|x Languages
|
| 710 |
0 |
|
|a Title
|
| 999 |
|
|
|a 0000004408
|b Book
|c Children Collection
|e Cawangan Taman Universiti
|
| 999 |
|
|
|a 0000004409
|b Book
|c Children Collection
|e Cawangan Taman Universiti
|
| 999 |
|
|
|a 0000911218
|b Book
|c Teenagers
|e Cawangan Bandar Tenggara
|
| 999 |
|
|
|a 0000917708
|b Book
|c Children Collection
|e Cawangan Bukit Gambir
|
| 999 |
|
|
|a 0000927912
|b Book
|c Children Collection
|e Cawangan Tangkak
|
| 999 |
|
|
|a 0000927913
|b Book
|c Children Collection
|e Cawangan Tangkak
|
| 999 |
|
|
|a 0000927914
|b Book
|c Children Collection
|e Cawangan Tangkak
|
| 999 |
|
|
|a 0000965187
|b Book
|c Children Collection
|e Perbadanan Perpustakaan Awam Johor
|
| 999 |
|
|
|a 0000965188
|b Book
|c Children Collection
|e Perbadanan Perpustakaan Awam Johor
|
| 999 |
|
|
|a 0000965189
|b Book
|c Children Collection
|e Perbadanan Perpustakaan Awam Johor
|
| 999 |
|
|
|a 0000965190
|b Book
|c Children Collection
|e Perbadanan Perpustakaan Awam Johor
|
| 999 |
|
|
|a 0000965191
|b Book
|c Children Collection
|e Perbadanan Perpustakaan Awam Johor
|
| 999 |
|
|
|a 0001044535
|b Book
|c Teenagers
|e Cawangan Bandar Tenggara
|
| 999 |
|
|
|a 0001044537
|b Book
|c Children Collection
|e Cawangan Taman Universiti
|